Nimeä Marimekon kuviot - Statistics

Yleistilastot
  • Tätä visaa on pelattu 69 kertaa
  • Keskiarvotulos 6 / 28
Vastaustilastot
Kuvavisa Vastaus % Oikein
Unikko
98%
Mansikka
82%
Siirtolapuutarha
65%
Tasaraita
63%
Kivet
62%
Räsymatto
60%
Pallo
47%
Kaivo
45%
Tiiliskivi
45%
Mansikkavuoret
28%
Maalaisruusu
8%
Varvunraita
5%
Alku
3%
Iso ruutu
2%
Mustapippuri
2%
Nonparelli
2%
Pampula
2%
Polle
2%
Ralli
2%
Ratsu
2%
Traktori
2%
Vuosirenkaat
2%
Kiskoraita
0%
Koppelo
0%
Lirinä
0%
Nurmikko
0%
Pikkulempi
0%
Talkoot
0%
Ehtoja vastaavia visoja ei löytynyt
Tulosjakauma
Jokaisen tuloksen saaneiden osuus
Persentiili vastausten määrän mukaan
Tuloshistoriasi
Et ole pelannut tätä visaa